000 00442nam a2200145Ia 4500
008 100415s9999 xx 000 0 und d
082 _b10682
_a621.367
100 _aBarrett E.C.
245 _aIntroduction to environmental remote sensing
260 _aLONDON
_c1976
_bCHAPMAN AND HALL
365 _b473
630 _aIntroduction to environmental remote sensing
730 _aIntroduction to environmental remote sensing
942 _cBOOK
999 _c593608
_d593605